Name a Valid Book of the Bible - Statistics

General Stats
  • This quiz has been taken 42 times
    25 since last reset
  • The average score is 13 of 19
Answer Stats
Name a book of the Bible Answer % Correct
Book of the Gospel Matthew | Mark | Luke | John
95%
With four letters Ruth | Luke | Mark | John | Ezra | Jude | Joel | Amos | Acts
95%
Beginning with the letter A Amos | Acts
90%
That are the next five after the Gospels Acts | Romans | 1 Corinthians | 2 Corinthians | Galatians
86%
That are also part of the Torah Genesis | Exodus | Leviticus | Numbers | Deuteronomy
86%
To have over 60 chapters Psalms | Isaiah
81%
That start with 'Z' Zephaniah | Zechariah
81%
With a number in the name 1 Samuel | 2 Samuel | 1 Kings | 2 Kings | 1 Chronicles | 2 Chronicles | 1 Corinthians | 2 Corinthians | 1 Thessalonians | 2 Thessalonians | 1 Timothy | 2 Timothy | 1 Peter | 2 Peter | 1 John | 2 John | 3 John
76%
Written by Paul (Comfirmed) Romans | 1 Corinthians | 2 Corinthians | Galatians | Ephesians | Philippians | Colossians | 1 Thessalonians | 2 Thessalonians | 1 Timothy | 2 Timothy | Titus | Philemon
76%
That is one of the last five books in the Old Testament Habakkuk | Zephaniah | Haggai | Zechariah | Malachi
71%
With only one chapter Obadiah | Philemon | 2 John | 3 John | Jude
67%
Ending with 'Y' Deuteronomy | 1 Timothy | 2 Timothy
62%
With over 31,000 words Genesis | Jeremiah
57%
With the letter 'W' Matthew | Hebrews
57%
That start with a unique letter Obadiah | Isaiah
57%
That is between Daniel and Jonah Hosea | Joel | Amos | Obadiah
52%
With (undisputed) Aramaic in them Genesis | Proverbs | Jeremiah | Daniel | Ezra
43%
That does not directly mention God and His work Esther | Ruth
33%
With one of the 5 longest Bible verses Esther | Jeremiah | Ezekiel | Joshua | 2 Kings
24%
No matching quizzes found
Score Distribution
Percent of People with Each Score
Percentile by Number Answered
Your Score History
You have not taken this quiz since the last reset